000 00649nam a2200229 a 4500
001 BRCA_7076
005 20190321142933.0
008 081211s1920----gw-a######---#000-0#ger-#
041 _ager
044 _agw
050 4 _b.S25 1920
100 1 _aSalchow, Ulrich
_917592
245 1 0 _aDas Kunstlaufen auf dem Eise
_cvon Ulrich Salchow
260 _aLeipzig y Zúrich
_bGrethlein & Co. G. m. b. H.
_c[1920]
300 _a69 p.
_bil.
_c19 cm.
440 0 _aMiniatur-Bibliothek für Sport und Spiel
_v23
_917593
500 _aEstado físico: lomo roto
500 _aO56
650 1 4 _aPatinaje sobre hielo
_917594
902 _aGFM
942 _2lcc
_cB
999 _c6757
_d6757